Below-ground interactions in tropical agroecosystems : (Record no. 33426)
[ view plain ]
| 000 -LEADER | |
|---|---|
| fixed length control field | 01481cam a22003494a 4500 |
| 001 - CONTROL NUMBER | |
| control field | 13294134 |
| 003 - CONTROL NUMBER IDENTIFIER | |
| control field | OSt |
| 005 - DATE AND TIME OF LATEST TRANSACTION | |
| control field | 20220322151925.0 |
| 008 - FIXED-LENGTH DATA ELEMENTS--GENERAL INFORMATION | |
| fixed length control field | 030729s2004 enka b 001 0 eng |
| 010 ## - LIBRARY OF CONGRESS CONTROL NUMBER | |
| LC control number | 2003017139 |
| 020 ## - INTERNATIONAL STANDARD BOOK NUMBER | |
| International Standard Book Number | 0851996736 (alk. paper) |
| 040 ## - CATALOGING SOURCE | |
| Original cataloging agency | DLC |
| Transcribing agency | HU |
| Modifying agency | DLC |
| 042 ## - AUTHENTICATION CODE | |
| Authentication code | pcc |
| 043 ## - GEOGRAPHIC AREA CODE | |
| Geographic area code | w------ |
| 050 00 - LIBRARY OF CONGRESS CALL NUMBER | |
| Classification number | S596.7 |
| Item number | .B46 2004 |
| 082 00 - DEWEY DECIMAL CLASSIFICATION NUMBER | |
| Classification number | 631.4 BEL 2004 |
| Edition number | 22 |
| 100 ## - MAIN ENTRY--PERSONAL NAME | |
| Personal name | - |
| 245 00 - TITLE STATEMENT | |
| Title | Below-ground interactions in tropical agroecosystems : |
| Remainder of title | concepts and models with multiple plant components / |
| Statement of responsibility, etc. | edited by M. van Noordwijk, G. Cadisch, and C.K. Ong. |
| 260 ## - PUBLICATION, DISTRIBUTION, ETC. | |
| Place of publication, distribution, etc. | Wallingford, Oxfordshire, OX ; |
| -- | Cambridge, MA, USA : |
| Name of publisher, distributor, etc. | CABI Pub., |
| Date of publication, distribution, etc. | c2004. |
| 300 ## - PHYSICAL DESCRIPTION | |
| Extent | xxi, 440 p. : |
| Other physical details | ill. ; |
| Dimensions | 25 cm. |
| 504 ## - BIBLIOGRAPHY, ETC. NOTE | |
| Bibliography, etc. note | Includes bibliographical references (p. 381-428) and index. |
| 650 #0 - SUBJECT ADDED ENTRY--TOPICAL TERM | |
| Topical term or geographic name entry element | Plant-soil relationships |
| Geographic subdivision | Tropics. |
| 9 (RLIN) | 33867 |
| 650 #0 - SUBJECT ADDED ENTRY--TOPICAL TERM | |
| Topical term or geographic name entry element | Agricultural ecology |
| Geographic subdivision | Tropics. |
| 9 (RLIN) | 33868 |
| 700 1# - ADDED ENTRY--PERSONAL NAME | |
| Personal name | Noordwijk, Meine van. |
| 9 (RLIN) | 33869 |
| 700 1# - ADDED ENTRY--PERSONAL NAME | |
| Personal name | Cadisch, G. |
| Fuller form of name | (Georg) |
| 9 (RLIN) | 33870 |
| 700 1# - ADDED ENTRY--PERSONAL NAME | |
| Personal name | Ong, C. K. |
| 9 (RLIN) | 32064 |
| 856 41 - ELECTRONIC LOCATION AND ACCESS | |
| Materials specified | Table of contents only |
| Uniform Resource Identifier | <a href="http://www.loc.gov/catdir/toc/ecip047/2003017139.html">http://www.loc.gov/catdir/toc/ecip047/2003017139.html</a> |
| 856 42 - ELECTRONIC LOCATION AND ACCESS | |
| Materials specified | Publisher description |
| Uniform Resource Identifier | <a href="http://www.loc.gov/catdir/enhancements/fy0614/2003017139-d.html">http://www.loc.gov/catdir/enhancements/fy0614/2003017139-d.html</a> |
| 906 ## - LOCAL DATA ELEMENT F, LDF (RLIN) | |
| a | 7 |
| b | cbc |
| c | orignew |
| d | 1 |
| e | ecip |
| f | 20 |
| g | y-gencatlg |
| 942 ## - ADDED ENTRY ELEMENTS (KOHA) | |
| Source of classification or shelving scheme | Dewey Decimal Classification |
| Koha item type | Books like text book referance book |
| Suppress in OPAC | No |
| Withdrawn status | Lost status | Source of classification or shelving scheme | Damaged status | Not for loan | Collection code | Home library | Current library | Shelving location | Date acquired | Total Checkouts | Full call number | Barcode | Date last seen | Copy number | Price effective from | Koha item type |
|---|---|---|---|---|---|---|---|---|---|---|---|---|---|---|---|---|
| Dewey Decimal Classification | Reference | Wondo Genet Library | Wondo Genet Library | General Stacks | 03/22/2022 | 631.4 BEL 2004 | WGCFNRL00014417 | 03/22/2022 | 1 | 03/22/2022 | Books like text book referance book | |||||
| Dewey Decimal Classification | Reference | Wondo Genet Library | Wondo Genet Library | General Stacks | 04/07/2022 | 631.4 BEL 2004 | WGCFNRL00018607 | 04/07/2022 | 2 | 04/07/2022 | Books like text book referance book |